La dislexia en el aula

Guardado en:
Detalles Bibliográficos
Autor principal: Jordan, Dale R (Autor)
Formato: Libro
Lenguaje:español
Publicado: Buenos Aires Paidós 1975
Colección:Biblioteca del Educador Contemporaneo, 41
Materias:
Etiquetas: Agregar Etiqueta
Sin Etiquetas, Sea el primero en etiquetar este registro!

MARC

LEADER 00000nam a2200000 a 4500
001 UCY8838
003 CL-VaPUC
008 950707e19750000AG |||||||||||||||||spa|d
082 0 4 |a 371.914  |b JOR  |2 21 
100 |a Jordan, Dale R  |e author  |9 340545 
245 1 3 |a La dislexia en el aula 
300 |a 198 p 
942 |c BK 
945 |d 19950707 00:00:00  |a mfernand 
260 |a Buenos Aires  |b Paidós  |c 1975 
650 0 |a Educación especial  |9 307486 
650 0 |a Dislexia  |9 307487 
650 7 |a DISLEXICOS  |2 CL-VaPUC  |9 340546 
583 |a last modification  |c 19950707 00:00:00  |k Rodrigo Vera 
490 0 |a Biblioteca del Educador Contemporaneo, 41 
999 |c 236025  |d 236023 
952 |0 0  |1 0  |4 0  |6 371_914000000000000_JOR_1975  |7 0  |8 P  |9 243835  |a BIBEDU  |b BIBEDU  |c BIBEDU_PB  |d 2019-11-18  |i 153047K  |o 371.914 JOR 1975  |p 153047K  |r 2024-01-25  |w 2019-11-18  |y BK  |k EDU 
952 |0 0  |1 0  |4 0  |6 371_914000000000000_JOR_1975  |7 0  |8 P  |9 243836  |a BIBEDU  |b BIBEDU  |c BIBEDU_PB  |d 2019-11-18  |i 1401904  |o 371.914 JOR 1975  |p 1401904  |r 2024-01-25  |w 2019-11-18  |y BK  |k LIT 
952 |0 0  |1 0  |4 0  |6 371_914000000000000_JOR_1975  |7 0  |8 P  |9 243837  |a BIBEDU  |b BIBEDU  |c BIBEDU_PB  |d 2019-11-18  |i 1401955  |o 371.914 JOR 1975  |p 1401955  |r 2024-01-25  |w 2019-11-18  |y BK  |k LIT 
952 |0 0  |1 0  |4 0  |6 371_914000000000000_JOR_1975  |7 0  |8 P  |9 243838  |a BIBEDU  |b BIBEDU  |c BIBEDU_PB  |d 2019-11-18  |i 4679024  |o 371.914 JOR 1975  |p 4679024  |r 2024-01-25  |w 2019-11-18  |y BK  |k EDI